[Event "VII. Solinger Karnevalsopen"]
[Site "Solingen"]
[Date "2016.02.07"]
[Round "5.16"]
[White "Bussard, Achim"]
[Black "Rosenauer, Horst"]
[Result "0-1"]
[WhiteElo "1747"]
[BlackElo "1948"]
[PlyCount "66"]
[EventDate "2016.??.??"]
[WhiteTeam "SG Niederkassel"]
[BlackTeam "Bergische SF"]

1. d4 Nf6 2. Nf3 d5 3. g3 Bf5 4. Bg2 c6 5. O-O e6 6. c3 Nbd7 7. Bg5 Be7 8. Nbd2
O-O 9. Ne5 Nxe5 10. dxe5 Nd7 11. Bxe7 Qxe7 12. f4 Rfd8 13. e3 h6 14. Qe2 Nc5
15. Rfe1 Nd3 16. Reb1 Rac8 17. Kf1 Nc5 18. e4 dxe4 19. Nxe4 Nxe4 20. Bxe4 Bxe4
21. Qxe4 Rd2 22. Rd1 Rcd8 23. Rxd2 Rxd2 24. Ke1 Qd8 25. b4 Rxh2 26. Rd1 Qb6 27.
Rd4 g6 28. a4 a5 29. Qd3 Kg7 30. g4 axb4 31. cxb4 c5 32. a5 Qc6 33. bxc5 Qg2
0-1

[Event "VII. Solinger Karnevalsopen"]
[Site "Solingen"]
[Date "2016.02.07"]
[Round "5.17"]
[White "Tanz, Manfred"]
[Black "Vranidis, Athanassios"]
[Result "0-1"]
[WhiteElo "1604"]
[BlackElo "1945"]
[PlyCount "106"]
[EventDate "2016.??.??"]
[WhiteTeam "Vohwinkeler SC"]
[BlackTeam "SG Solingen"]

1. Nf3 Nf6 2. d4 d5 3. g3 e6 4. Bg2 Be7 5. O-O O-O 6. e3 c5 7. c3 Nbd7 8. Re1
b6 9. Na3 Bb7 10. Nc2 Ne4 11. Nd2 Ndf6 12. Nxe4 Nxe4 13. f3 Nf6 14. Qe2 Qc7 15.
f4 Ne4 16. Bxe4 dxe4 17. Qg2 f5 18. Rf1 Ba6 19. Rf2 Rad8 20. Bd2 Bd3 21. Ne1
Ba6 22. Nc2 Qc6 23. Ne1 Rd7 24. Kh1 Qb5 25. b3 Rc8 26. c4 Qc6 27. Nc2 Bb7 28.
Rd1 Qc7 29. Bc3 Bf6 30. Rdd2 Rcd8 31. Ba1 cxd4 32. Bxd4 Bxd4 33. Nxd4 Rxd4 34.
Rxd4 Rxd4 35. g4 Rd1+ 36. Rf1 Rxf1+ 37. Qxf1 Qd6 38. Kg1 Qd2 39. Qf2 Qxf2+ 40.
Kxf2 fxg4 41. Kg3 h5 42. h3 gxh3 43. Kxh3 Kf7 44. Kh4 Kg6 45. Kg3 Kf5 46. Kh4
g6 47. b4 e5 48. fxe5 Kxe5 49. Kg5 Bc8 50. a3 Be6 51. c5 bxc5 52. bxc5 Kd5 53.
Kf4 Bf5 0-1

[Event "VII. Solinger Karnevalsopen"]
[Site "Solingen"]
[Date "2016.02.07"]
[Round "5.18"]
[White "Raygrotzki, Norbert"]
[Black "Schmuck, Markus"]
[Result "0-1"]
[WhiteElo "1925"]
[BlackElo "1931"]
[PlyCount "156"]
[EventDate "2016.??.??"]
[WhiteTeam "SV Dinslaken"]
[BlackTeam "vereinslos"]

1. c4 d6 2. g3 g6 3. Bg2 Bg7 4. d4 c6 5. Nc3 Nf6 6. Nf3 Nbd7 7. O-O O-O 8. e4
e5 9. h3 Re8 10. Re1 a5 11. Be3 Rb8 12. Qd2 b5 13. cxb5 cxb5 14. dxe5 dxe5 15.
Nh2 Nb6 16. Qxd8 Rxd8 17. Rad1 Bd7 18. b3 Rdc8 19. Nd5 Nfxd5 20. exd5 f5 21.
Rc1 Rxc1 22. Rxc1 Rc8 23. Rxc8+ Nxc8 24. Bc5 Bf8 25. Bxf8 Kxf8 26. Nf3 e4 27.
Ne5 Ke7 28. Nxd7 Kxd7 29. f3 exf3 30. Bxf3 Kd6 31. Kf2 Nb6 32. Ke3 Nxd5+ 33.
Kd4 Nb4 34. a4 bxa4 35. bxa4 Nc6+ 36. Ke3 Ne5 37. Be2 g5 38. Bd1 Nc6 39. Bc2
Ke5 40. Bd3 h6 41. Bc4 Nd4 42. Bd3 Ne6 43. Bb5 Nc7 44. Bd7 Nd5+ 45. Kf3 Nf6 46.
Bc8 Nh5 47. Bb7 f4 48. gxf4+ Nxf4 49. Kg4 Kf6 50. Bc8 h5+ 51. Kg3 Nd3 52. Bd7
h4+ 53. Kg2 Ne5 54. Bc8 Ke7 55. Kf2 Kd6 56. Ke3 Ke7 57. Ke4 Kf6 58. Ba6 Nf7 59.
Be2 Nd8 60. Kd5 Ne6 61. Bg4 Nf4+ 62. Kc4 Ke5 63. Kb5 Kd6 64. Kxa5 Kc5 65. Ka6
Kc6 66. a5 Nd3 67. Bf3+ Kc7 68. Kb5 Ne5 69. Bg2 Kb8 70. Kb6 Nc4+ 71. Kb5 Ne3
72. Bf3 Ka7 73. a6 Nf5 74. Bb7 Nd6+ 75. Kc6 Nxb7 76. axb7 Kb8 77. Kd5 g4 78.
hxg4 h3 0-1

[Event "VII. Solinger Karnevalsopen"]
[Site "Solingen"]
[Date "2016.02.07"]
[Round "5.19"]
[White "Gawlick, Joachim"]
[Black "Bigott, Martin"]
[Result "0-1"]
[WhiteElo "1824"]
[BlackElo "1908"]
[PlyCount "120"]
[EventDate "2016.??.??"]
[WhiteTeam "SC Gerthe - Werne"]
[BlackTeam "SF Lohmar"]

1. d4 Nf6 2. Nf3 g6 3. g3 Bg7 4. Bg2 d5 5. c4 c6 6. Nc3 e6 7. O-O Nbd7 8. c5 b6
9. cxb6 axb6 10. b4 O-O 11. Bf4 Re8 12. Ne5 Bb7 13. Qb3 Nh5 14. Nxd7 Nxf4 15.
gxf4 Qxd7 16. e3 Ba6 17. Rfc1 Bc4 18. Qb2 f6 19. e4 dxe4 20. Nxe4 Bd5 21. Qd2
f5 22. Nc3 Bxg2 23. Kxg2 Qxd4 24. Qxd4 Bxd4 25. a4 c5 26. bxc5 bxc5 27. Ra2
Reb8 28. Ne2 Rb2 29. Rxb2 Bxb2 30. Rxc5 Rxa4 31. Rb5 Bf6 32. Rb7 Ra8 33. Kf3
Rd8 34. Ng1 h6 35. Kg2 Kf8 36. Nf3 g5 37. fxg5 hxg5 38. h3 Re8 39. Rd7 Re7 40.
Rxe7 Kxe7 41. Kf1 Kd6 42. Ke2 Kd5 43. Ne1 Ke4 44. Ng2 Bd4 45. f3+ Ke5 46. Kd2
Bf2 47. Ke2 Bg1 48. Kf1 Bc5 49. Ke2 Kd4 50. Ne1 Bd6 51. Ng2 Bg3 52. Ne3 Bf4 53.
Ng2 Ke5 54. Ne1 Bg3 55. Ng2 f4 56. Kd3 Kd5 57. Kc3 e5 58. Kd3 Bh4 59. Kd2 Kd4
60. Ke2 Kc3 0-1

[Event "VII. Solinger Karnevalsopen"]
[Site "Solingen"]
[Date "2016.02.07"]
[Round "5.20"]
[White "Erkay, Ali"]
[Black "Meißner, Michael"]
[Result "1/2-1/2"]
[WhiteElo "1916"]
[BlackElo "1882"]
[PlyCount "105"]
[EventDate "2016.??.??"]
[WhiteTeam "SG Solingen"]
[BlackTeam "Oberbilker SV"]

1. d4 Nf6 2. c4 e6 3. g3 d5 4. Bg2 Be7 5. Nf3 O-O 6. O-O dxc4 7. Ne5 c5 8. dxc5
Bxc5 9. Nd2 Qc7 10. Ndxc4 Na6 11. Qb3 Bd4 12. Nd3 e5 13. Nd2 Rb8 14. e3 Bc5 15.
Ne4 Nxe4 16. Bxe4 Be6 17. Bd5 Bxd5 18. Qxd5 Rfd8 19. Qe4 Qd6 20. Ne1 Qd5 21.
Qxd5 Rxd5 22. a3 Rbd8 23. b4 Bb6 24. Bb2 f6 25. Nf3 Nc7 26. Rac1 Ne6 27. Rc4
Rd1 28. Rc1 R1d3 29. Rc2 e4 30. Nh4 Rd2 31. Rfc1 Ng5 32. Rxd2 Rxd2 33. Bc3 Ra2
34. Be1 Rxa3 35. Nf5 Nf3+ 36. Kg2 Nxe1+ 37. Rxe1 Rb3 38. Ne7+ Kf7 39. Nd5 Ke6
40. Nxb6 axb6 41. Rc1 Rxb4 42. Rc7 g5 43. Rxh7 g4 44. Rxb7 Rb2 45. h4 gxh3+ 46.
Kxh3 b5 47. Rb6+ Kf5 48. g4+ Kg5 49. Kg3 f5 50. gxf5 Kxf5 51. f4 exf3 52. Kxf3
b4 53. Rb5+ 1/2-1/2

[Event "VII. Solinger Karnevalsopen"]
[Site "Solingen"]
[Date "2016.02.07"]
[Round "5.21"]
[White "Rahimi, Rozafa"]
[Black "Vehmeyer, Thomas"]
[Result "1-0"]
[WhiteElo "1632"]
[BlackElo "1854"]
[PlyCount "89"]
[EventDate "2016.??.??"]
[WhiteTeam "Hellertaler SF"]
[BlackTeam "SF Lohmar"]

1. d4 d5 2. Bf4 Nc6 3. Nf3 Bg4 4. e3 a6 5. c3 Qd7 6. Nbd2 e6 7. Be2 Nf6 8. h3
Bf5 9. Nh4 Bg6 10. Ndf3 Be4 11. Ne5 Nxe5 12. dxe5 Ng8 13. Bd3 Bxd3 14. Qxd3 Be7
15. Nf3 f6 16. O-O-O O-O-O 17. Rhe1 Kb8 18. Kb1 Bc5 19. Re2 Ne7 20. Red2 Ng6
21. Bg3 f5 22. c4 c6 23. Qc3 Qe7 24. a3 Rhf8 25. b4 Bb6 26. c5 Bc7 27. Rb2 h6
28. a4 f4 29. exf4 Nxf4 30. b5 axb5 31. axb5 cxb5 32. Rxb5 Ne2 33. Qb2 Nxg3 34.
fxg3 Rxf3 35. gxf3 Qg5 36. f4 Qxg3 37. Rd4 Qxh3 38. Rxb7+ Kc8 39. c6 Qf1+ 40.
Qc1 Qa6 41. Qc2 Rf8 42. Ra4 Ba5 43. Rxa5 Qxa5 44. Rb8+ Kxb8 45. Qb3+ 1-0

[Event "VII. Solinger Karnevalsopen"]
[Site "Solingen"]
[Date "2016.02.07"]
[Round "5.22"]
[White "Pan, Yun"]
[Black "Bießner, Eberhard"]
[Result "1-0"]
[WhiteElo "1673"]
[BlackElo "1862"]
[PlyCount "105"]
[EventDate "2016.??.??"]
[WhiteTeam "Fideler Bauer Leverkusen"]
[BlackTeam "Rheydter SV"]

1. e4 Nf6 2. e5 Nd5 3. d4 d6 4. Nf3 Bg4 5. Be2 Nc6 6. h3 Bh5 7. O-O e6 8. c4
Nb6 9. exd6 cxd6 10. d5 exd5 11. cxd5 Bxf3 12. Bxf3 Ne5 13. Be4 Be7 14. Nc3 O-O
15. Bc2 f5 16. f4 Ng6 17. Be3 Nc4 18. Qe2 Nxe3 19. Qxe3 Qd7 20. Ba4 Qd8 21. Kh1
a6 22. Rac1 Bf6 23. Qd2 Ne7 24. b4 Rc8 25. Ne2 Qb6 26. Bd7 Rxc1 27. Rxc1 Kh8
28. Be6 g6 29. a4 Qf2 30. Qe1 Qe3 31. Qd1 g5 32. fxg5 Bxg5 33. Rc7 Qb6 34. Qd4+
Qxd4 35. Nxd4 f4 36. Rxb7 Bf6 37. Nf5 Nxf5 38. Bxf5 Bc3 39. Bxh7 f3 40. gxf3
Rxf3 41. Kg2 Rf4 42. Bd3 Bxb4 43. Bxa6 Bc5 44. Bb5 Rf2+ 45. Kg3 Ra2 46. h4 Bf2+
47. Kg4 Bd4 48. h5 Rg2+ 49. Kf5 Rh2 50. Kg6 Rg2+ 51. Kf5 Rh2 52. a5 Rxh5+ 53.
Kg6 1-0

[Event "VII. Solinger Karnevalsopen"]
[Site "Solingen"]
[Date "2016.02.07"]
[Round "5.23"]
[White "Kissing, Bastian"]
[Black "Grunwald, Günther"]
[Result "1-0"]
[WhiteElo "1854"]
[BlackElo "1664"]
[PlyCount "65"]
[EventDate "2016.??.??"]
[WhiteTeam "SC Tornado Wuppertal"]
[BlackTeam "SW Oberhausen"]

1. e4 e5 2. Nf3 Nc6 3. Bb5 a6 4. Ba4 Nf6 5. O-O Nxe4 6. d4 b5 7. Bb3 d5 8. dxe5
Be6 9. Nbd2 Nc5 10. c3 Nxb3 11. Nxb3 Be7 12. Nbd4 Nxd4 13. Nxd4 O-O 14. Nxe6
fxe6 15. Qg4 Rf5 16. Be3 Qe8 17. f4 h5 18. Qf3 Qg6 19. h3 h4 20. Kh2 Raf8 21.
Qg4 Qh5 22. Rf3 Qf7 23. Raf1 c5 24. g3 hxg3+ 25. Rxg3 g5 26. Rfg1 d4 27. cxd4
cxd4 28. Bd2 Qg6 29. h4 Kf7 30. hxg5 Rh8+ 31. Rh3 Rc8 32. Rh6 Qg7 33. Qh5+ 1-0

[Event "VII. Solinger Karnevalsopen"]
[Site "Solingen"]
[Date "2016.02.07"]
[Round "5.25"]
[White "Humbek, Olav"]
[Black "Bashylina, Luisa"]
[Result "1/2-1/2"]
[WhiteElo "1740"]
[BlackElo "1624"]
[PlyCount "85"]
[EventDate "2016.??.??"]
[WhiteTeam "SF Lohmar"]
[BlackTeam "SG Solingen"]

1. b3 e5 2. Bb2 Nc6 3. e3 d5 4. Bb5 Bd6 5. Nf3 f6 6. d4 Bd7 7. Bxc6 Bxc6 8.
dxe5 fxe5 9. Nxe5 Nf6 10. Nxc6 bxc6 11. Nd2 Qd7 12. O-O O-O 13. Nf3 Ne4 14. Qd4
Rf6 15. Ne5 Bxe5 16. Qxe5 Raf8 17. f3 Nd6 18. Rae1 Rg6 19. g4 Rf5 20. Qd4 Qf7
21. Kg2 Nb5 22. Qd3 Nd6 23. h3 Qd7 24. c4 dxc4 25. bxc4 Rf7 26. Rd1 Qe7 27. e4
Qe6 28. Rc1 Rf8 29. c5 Nf7 30. Qb3 Qc8 31. f4 Re6 32. Rfe1 Rfe8 33. e5 Kh8 34.
f5 R6e7 35. e6 Ng5 36. h4 Nf7 37. Qc3 Nd8 38. f6 Rxe6 39. f7 Re2+ 40. Kh1 Rxe1+
41. Rxe1 Rxe1+ 42. Qxe1 Nxf7 43. Qe7 1/2-1/2

[Event "VII. Solinger Karnevalsopen"]
[Site "Solingen"]
[Date "2016.02.07"]
[Round "5.26"]
[White "Ipekyilmaz, Mert"]
[Black "Bashylin, Seva"]
[Result "0-1"]
[WhiteElo "1471"]
[BlackElo "1709"]
[PlyCount "72"]
[EventDate "2016.??.??"]
[WhiteTeam "Langenfelder SF"]
[BlackTeam "SG Solingen"]

1. e4 e5 2. Nf3 d6 3. Bc4 Be7 4. Nc3 Nf6 5. h3 O-O 6. O-O Nc6 7. d3 Be6 8. Bb3
Bxb3 9. axb3 h6 10. Bd2 Nh7 11. Qc1 f5 12. Nd5 f4 13. Nxe7+ Qxe7 14. Qd1 g5 15.
Nh2 Qg7 16. c3 Nf6 17. Ng4 Nd7 18. b4 h5 19. Nh2 Nf6 20. g3 g4 21. h4 f3 22.
Qc1 Kh7 23. Re1 Ne7 24. Nf1 Ng6 25. Bg5 a6 26. Ne3 Ne7 27. Qd2 Qf7 28. Bxf6
Qxf6 29. Nc2 Ng6 30. b3 Nxh4 31. gxh4 Qxh4 32. Ne3 g3 33. fxg3 Qxg3+ 34. Kf1
Rg8 35. Qf2 Qh3+ 36. Ng2 Rxg2 0-1

[Event "VII. Solinger Karnevalsopen"]
[Site "Solingen"]
[Date "2016.02.07"]
[Round "5.27"]
[White "Rudolph, Eva"]
[Black "Hufnagel, Markus"]
[Result "0-1"]
[WhiteElo "1534"]
[BlackElo "1693"]
[PlyCount "104"]
[EventDate "2016.??.??"]
[WhiteTeam "Düsseldorfer SK"]
[BlackTeam "SW Oberhausen"]

1. e4 c5 2. Nc3 Nc6 3. f4 d6 4. Nf3 Nf6 5. Bc4 e6 6. O-O Be7 7. Qe1 O-O 8. d3
d5 9. Bb3 Nd4 10. e5 Nxf3+ 11. Rxf3 Nd7 12. Rh3 Nb6 13. Qe2 g6 14. Bd2 f5 15.
a3 Bd7 16. Rf1 Bc6 17. Rff3 c4 18. Ba2 d4 19. Rfg3 dxc3 20. Qh5 Kf7 21. Qxh7+
Ke8 22. Qxg6+ Kd7 23. Bxc3 Rg8 24. Qf7 Rxg3 25. Rxg3 Qf8 26. Qh5 Kc7 27. dxc4
Rd8 28. Rd3 Rxd3 29. cxd3 Qg7 30. Qe2 Qg4 31. Qd2 Na4 32. Bd4 Bc5 33. Bxc5 Nxc5
34. d4 Ne4 35. Qc1 Qe2 36. Qf1 Qe3+ 37. Kh1 Qxd4 38. b4 Nd2 39. Qg1 Qe4 40. h3
Nxc4 41. Bb1 Qe2 42. a4 Ne3 43. b5 Bxg2+ 44. Kh2 Nf1+ 45. Qxf1 Bxf1+ 46. Kg3
Qe3+ 47. Kh4 Qxf4+ 48. Kh5 Be2+ 49. Kg6 Kd7 50. Ba2 Ke7 51. Bxe6 Qg3+ 52. Kxf5
Bd3# 0-1

[Event "VII. Solinger Karnevalsopen"]
[Site "Solingen"]
[Date "2016.02.07"]
[Round "5.28"]
[White "Ehringfeld, Michael"]
[Black "Zimdars, Wolfgang"]
[Result "1/2-1/2"]
[WhiteElo "1603"]
[BlackElo "1528"]
[PlyCount "53"]
[EventDate "2016.??.??"]
[WhiteTeam "SG Solingen"]
[BlackTeam "SG Solingen"]

1. d4 Nf6 2. Nf3 e6 3. Bg5 Be7 4. Nbd2 d5 5. e3 O-O 6. Bd3 Nbd7 7. O-O b6 8. c4
Bb7 9. cxd5 exd5 10. Rc1 c5 11. b3 Ne4 12. Bxe7 Qxe7 13. Re1 f5 14. Bb5 Ndf6
15. Ne5 Rac8 16. f3 Nd6 17. Be2 Nf7 18. f4 Ne4 19. Nxe4 fxe4 20. Bg4 Rc7 21.
Nxf7 Rxf7 22. Qd2 Rf6 23. Rc2 c4 24. Rec1 b5 25. b4 g6 26. a3 h5 27. Be2
1/2-1/2

[Event "VII. Solinger Karnevalsopen"]
[Site "Solingen"]
[Date "2016.02.07"]
[Round "5.29"]
[White "Beißel, Daniel"]
[Black "Müller, Hans-Peter"]
[Result "1-0"]
[WhiteElo "1499"]
[BlackElo "1545"]
[PlyCount "87"]
[EventDate "2016.??.??"]
[WhiteTeam "SV Horrem"]
[BlackTeam "SV Dinslaken"]

1. d4 d5 2. Nd2 Nf6 3. Ngf3 Bf5 4. e3 e6 5. Be2 Be7 6. Nh4 Bg6 7. c3 Be4 8. f3
Bg6 9. Nxg6 hxg6 10. e4 dxe4 11. Nxe4 Nc6 12. Be3 Nd5 13. Qd2 Nxe3 14. Qxe3 Qd7
15. O-O-O O-O-O 16. Bb5 a6 17. Ba4 Qd5 18. Bb3 Qh5 19. Kb1 Kb8 20. Ng3 Qb5 21.
Qf4 Rhf8 22. Ne4 Na5 23. Kc2 Nxb3 24. axb3 g5 25. Qe5 Qxe5 26. dxe5 f5 27. Nf2
Bc5 28. Nd3 Be3 29. h4 gxh4 30. Rxh4 g5 31. Rh7 Rfe8 32. b4 Kc8 33. g3 Rd7 34.
Rxd7 Kxd7 35. f4 Rh8 36. Nc5+ Kc6 37. Nxe6 gxf4 38. gxf4 Rh2+ 39. Kd3 Rh3 40.
Ke2 Bb6 41. Ng7 Re3+ 42. Kd2 Re4 43. Re1 Rxf4 44. e6 1-0

[Event "VII. Solinger Karnevalsopen"]
[Site "Solingen"]
[Date "2016.02.07"]
[Round "5.30"]
[White "Ipekyilmaz, Tayfun"]
[Black "Schulten, Sandro"]
[Result "0-1"]
[WhiteElo "1771"]
[BlackElo "1530"]
[PlyCount "80"]
[EventDate "2016.??.??"]
[WhiteTeam "Langenfelder SF"]
[BlackTeam "BW Concordia Viersen"]

1. e4 c6 2. d4 d5 3. exd5 cxd5 4. c4 Nf6 5. Nc3 e6 6. Nf3 Be7 7. Bd3 O-O 8. Bf4
dxc4 9. Bxc4 a6 10. O-O b5 11. Bd3 Bb7 12. Re1 Nbd7 13. Ne5 Nxe5 14. dxe5 Nd5
15. Nxd5 Bxd5 16. Re3 Bg5 17. Bxh7+ Kh8 18. Qh5 Bxf4 19. Bg6+ Bh6 20. Rh3 fxg6
21. Qxg6 Qe8 22. Rxh6+ gxh6 23. Qxh6+ Kg8 24. Qg5+ Kh7 25. Qh4+ Kg7 26. Re1 Qg6
27. g3 Rf7 28. Qd4 Qh5 29. f4 Qf3 30. Qd2 Qh1+ 31. Kf2 Qg2+ 32. Ke3 Qxd2+ 33.
Kxd2 Rd7 34. Ke3 Rad8 35. g4 Bb7 36. f5 Rd4 37. f6+ Kg6 38. h3 Re4+ 39. Kf2
Rxe1 40. Kxe1 Rh8 0-1

[Event "VII. Solinger Karnevalsopen"]
[Site "Solingen"]
[Date "2016.02.07"]
[Round "5.32"]
[White "Fodor, Bernhard"]
[Black "Kuckert, Kai"]
[Result "0-1"]
[WhiteElo "1315"]
[BlackElo "1241"]
[PlyCount "104"]
[EventDate "2016.??.??"]
[WhiteTeam "SG Solingen"]
[BlackTeam "Fideler Bauer Leverkusen"]

1. f4 d5 2. Nf3 Nf6 3. d3 Bf5 4. Nc3 e6 5. Bd2 Bc5 6. Ne5 Nbd7 7. e4 dxe4 8.
dxe4 Bxe4 9. Nd3 Bxd3 10. Bxd3 O-O 11. Qf3 Rb8 12. a3 Re8 13. O-O-O e5 14. Bc4
e4 15. Qg3 e3 16. Be1 Qe7 17. Qf3 Nb6 18. Bb3 Ne4 19. Nxe4 Qxe4 20. Qh5 Qe7 21.
Bh4 Qf8 22. Rhe1 g6 23. Qf3 Be7 24. g3 Bxh4 25. gxh4 Qe7 26. Rd3 Qxh4 27. Rdxe3
Rf8 28. Rg1 Nd7 29. Rc3 c6 30. f5 Qf6 31. Qf2 Ra8 32. h4 Kh8 33. Qf4 Qxf5 34.
Rf3 Qc5 35. Qh2 Ne5 36. Rc3 Qe7 37. Rd1 Rad8 38. Rxd8 Rxd8 39. Qg3 f6 40. Qe3
Qd7 41. Qe2 Qd4 42. Re3 Qxh4 43. c3 Qh5 44. Bd1 Qxe2 45. Bxe2 h5 46. Rg3 Kg7
47. Bxh5 Kf7 48. Be2 f5 49. Rh3 Kf6 50. Kc2 f4 51. Rh6 f3 52. Bxf3 Nxf3 0-1

[Event "VII. Solinger Karnevalsopen"]
[Site "Solingen"]
[Date "2016.02.07"]
[Round "5.33"]
[White "Coenen, Siegfried"]
[Black "Runte, Dirk"]
[Result "0-1"]
[WhiteElo "2073"]
[BlackElo "1722"]
[PlyCount "102"]
[EventDate "2016.??.??"]
[WhiteTeam "SG Hochneukirch"]
[BlackTeam "Fideler Bauer Leverkusen"]

1. e4 c5 2. Nc3 g6 3. d4 Bg7 4. Be3 cxd4 5. Bxd4 e5 6. Be3 Nf6 7. f3 Nc6 8. Qd2
O-O 9. h4 h5 10. O-O-O Qa5 11. Kb1 a6 12. Nge2 d6 13. Nc1 Be6 14. Be2 Nd4 15.
Nb3 Bxb3 16. axb3 Rfc8 17. Bc4 b5 18. Bd5 Rab8 19. Bxd4 exd4 20. Ne2 Qxd2 21.
Rxd2 Nxd5 22. exd5 Rc5 23. Nxd4 Rxd5 24. Rhd1 Rxd4 25. Rxd4 Bxd4 26. Rxd4 Rb6
27. b4 Kg7 28. Kc1 Kf6 29. Kd2 Rc6 30. Kd3 Ke6 31. b3 d5 32. g4 hxg4 33. fxg4
Ke5 34. h5 gxh5 35. gxh5 Rh6 36. Rh4 f5 37. c3 f4 38. Rh2 Kf5 39. Kd4 Kg4 40.
Rg2+ Kf3 41. Rg5 Kf2 42. Rxd5 f3 43. Rf5 Ke2 44. Re5+ Kf1 45. Ke3 f2 46. c4 Rf6
47. cxb5 axb5 48. Rc5 Kg1 49. Rc1+ f1=Q 50. Rxf1+ Kxf1 51. Kd4 Rh6 0-1